FOOTBALL - Compos Finale LDC 2019-2020 Bayern vs PSG - Statistiques

Statistiques générales
  • Ce quiz a été pris 93 fois
  • Le résultat moyen est 20 sur 32
Statistiques - réponses
Équipe Poste Nom % Correct
Bayern Gardien de But Manuel Neuer
95%
PSG Gardien de But Keylor Navas
91%
PSG Buteur Kylian Mbappé
91%
PSG Milieu défensif central Marquinhos
90%
Bayern Latéral droit Joshua Kimmich
84%
Bayern Ailier gauche Kingsley Coman
83%
PSG Remplaçant (Milieu) Marco Verratti
81%
PSG Défenseur central Thiago Silva
80%
PSG COACH Thomas Tuchel
79%
Bayern Buteur Robert Lewandowski
78%
PSG Ailier droit Ángel Di María
77%
Bayern Latéral gauche Alphonso Davies
75%
Bayern Milieu offensif central Thomas Müller
74%
PSG Défenseur central Presnel Kimpembe
73%
Bayern Ailier droit Serge Gnabry
69%
Bayern Milieu central Leon Goretzka
65%
Bayern Défenseur central Jérôme Boateng
64%
PSG Remplaçant (Attaquant) Eric Maxim Choupo-Moting
62%
Bayern COACH Hansi Flick
62%
PSG Latéral gauche Juan Bernat
62%
PSG Latéral droit Thilo Kehrer
51%
PSG Milieu central Leandro Paredes
48%
Bayern Défenseur central David Alaba
46%
PSG Milieu central Ander Herrera
44%
PSG Remplaçant (Défenseur) Layvin Kurzawa
42%
PSG Remplaçant (Milieu) Julian Draxler
40%
Bayern Remplaçant (Défenseur) Niklas Süle
38%
Bayern Milieu central Thiago Alcántara
38%
PSG Ailier gauche Neymar
37%
Bayern Remplaçant (Milieu) Corentin Tolisso
32%
Bayern Remplaçant (Attaquant) Philippe Coutinho
26%
Bayern Remplaçant (Attaquant) Ivan Perišić
11%
Aucun quiz correspondant
Distribution des résultats
% des personnes avec chaque résultat
Percentile par nombre de réponses
Votre historique - résultats
Vous n’avez pas pris ce quiz